000 00688nam a2200229Ia 4500
001 8391
003 GE_BSU
008 181216s||||||||xx |||||||||||||| ||und||
040 _cGE_BSU
080 _a821.353.1-32
100 _aერემაძე,ნელი
245 _aმაპატიე,ელი!
245 _bმოთხრობები
245 _cრედ. რევაზ. ჩხარტიშვილი
260 _aთბილისი
260 _bწიგნის პალიტრა
260 _c1991
300 _a188გვ.16სმ.
653 _aმაპატიე,ელი!
653 _aმოთხრობები
942 _cBK
999 _c41711
_d41711